000
00241nam a22000857a 4500
008
161124b xxu||||| |||| 00| 0 eng d
100
_9
1382
_a
CBSE
245
_a
Organising school library - guidlines
260
_a
New delhi
_b
Natioanal book trust
_c
2006
999
_c
4098
_d
4098